Map of England without 10 Random Counties - Statistics

General Stats
  • This quiz has been taken 780 times
  • The average score is 7 of 10
Answers on the Map
Answers color-coded by a green-red scale on the quiz's map according to % correct below.
 
Answer Stats
County % Correct
Cambridgeshire
100%
Essex
100%
North Yorkshire
95%
Lancashire
94%
Lincolnshire
94%
South Yorkshire
91%
Somerset
89%
Greater London
87%
Greater Manchester
87%
Hertfordshire
85%
Rutland
85%
Norfolk
82%
County Durham
81%
Wiltshire
81%
Cumbria
80%
Northumberland
80%
West Sussex
78%
East Riding of Yorkshire
77%
Nottinghamshire
76%
Surrey
76%
Derbyshire
75%
West Yorkshire
75%
Hampshire
73%
Kent
72%
Staffordshire
72%
East Sussex
69%
Merseyside
69%
Cheshire
67%
Devon
67%
Suffolk
67%
Worcestershire
67%
Buckinghamshire
63%
Northamptonshire
63%
Cornwall
62%
Bedfordshire
60%
Gloucestershire
57%
Berkshire
56%
Dorset
56%
Shropshire
56%
Oxfordshire
55%
Tyne & Wear
53%
Herefordshire
50%
West Midlands
50%
Leicestershire
47%
Warwickshire
47%
Isle of Wight
24%
County of Bristol
14%
No matching quizzes found
Score Distribution
Percent of People with Each Score
Percentile by Number Answered
Your Score History
You have not taken this quiz